Convergence : five critical steps toward integrating lagging and leading areas in the Middle East and North Africa.

Bibliographic Details
Format: eBook
Language:English
Published: Washington, District of Columbia : World Bank Group, [2020]
Subjects:
Online Access:Click to View
LEADER 01683nam a2200385 i 4500
001 EBC6128232
003 MiAaPQ
005 20200422011933.0
006 m o d |
007 cr cnu||||||||
008 200422s2020 dcuab ob 001 0 eng d
020 |z 9781464814501 
020 |a 9781464814518 (e-book) 
035 |a (MiAaPQ)EBC6128232 
035 |a (Au-PeEL)EBL6128232 
035 |a (OCoLC)1143624672 
040 |a MiAaPQ  |b eng  |e rda  |e pn  |c MiAaPQ  |d MiAaPQ 
043 |a aw----- 
050 4 |a HC415.15  |b .C668 2020 
082 0 |a 338.956  |2 23 
245 0 0 |a Convergence :  |b five critical steps toward integrating lagging and leading areas in the Middle East and North Africa. 
264 1 |a Washington, District of Columbia :  |b World Bank Group,  |c [2020] 
264 4 |c 2020 
300 |a 1 online resource (xxvi, 210 pages) :  |b illustrations, map 
336 |a text  |b txt  |2 rdacontent 
337 |a computer  |b c  |2 rdamedia 
338 |a online resource  |b cr  |2 rdacarrier 
504 |a Includes bibliographical references and index. 
588 |a Description based on print version record. 
590 |a Electronic reproduction. Ann Arbor, MI : ProQuest, 2018. Available via World Wide Web. Access may be limited to ProQuest affiliated libraries. 
650 0 |a Economic development  |z Middle East. 
655 4 |a Electronic books. 
776 0 8 |i Print version:  |t Convergence : five critical steps toward integrating lagging and leading areas in the Middle East and North Africa.  |d Washington, DC : World Bank Group, c2020   |h xxvi, 210 pages   |z 9781464814501 
797 2 |a ProQuest (Firm) 
856 4 0 |u https://ebookcentral.proquest.com/lib/matrademy/detail.action?docID=6128232  |z Click to View